|
|
|
|
| LEADER |
00000caa a22000002c 4500 |
| 001 |
1525871498 |
| 003 |
DE-627 |
| 005 |
20250716204752.0 |
| 007 |
tu |
| 008 |
160223s1995 xx ||||| 00| ||ger c |
| 020 |
|
|
|a 381001432X
|
| 035 |
|
|
|a (DE-627)1525871498
|
| 035 |
|
|
|a (DE-576)455871493
|
| 035 |
|
|
|a (DE-599)BSZ455871493
|
| 035 |
|
|
|a (OCoLC)1528006347
|
| 040 |
|
|
|a DE-627
|b ger
|c DE-627
|e rakwb
|
| 041 |
|
|
|a ger
|
| 100 |
1 |
|
|a Beyme, Klaus von
|d 1934-2021
|0 (DE-588)117757241
|0 (DE-627)07917289X
|0 (DE-576)160283485
|4 aut
|
| 109 |
|
|
|a Beyme, Klaus von 1934-2021
|a Bajme, Klaus 1934-2021
|a Beyme, Klaus 1934-2021
|a Beyme, K. von 1934-2021
|a Von Beyme, Klaus 1934-2021
|a Beyme, K. v. 1934-2021
|a Beyme, Klaus v. 1934-2021
|a Beyme, Klaus Gustav Heinrich von 1934-2021
|
| 245 |
1 |
0 |
|a Verfehlte Vereinigung - verpaßte Reformen?
|c Klaus von Beyme
|
| 264 |
|
1 |
|c 1995
|
| 300 |
|
|
|a 28
|
| 336 |
|
|
|a Text
|b txt
|2 rdacontent
|
| 337 |
|
|
|a ohne Hilfsmittel zu benutzen
|b n
|2 rdamedia
|
| 338 |
|
|
|a Band
|b nc
|2 rdacarrier
|
| 773 |
0 |
8 |
|i In
|t Aufhebung der Bipolarität
|d Opladen : Leske und Budrich, 1995
|g (1995), Seite 41-68
|h 88 S.
|w (DE-627)278667511
|w (DE-576)045946507
|z 381001432X
|7 nnam
|
| 773 |
1 |
8 |
|g year:1995
|g pages:41-68
|g extent:28
|
| 935 |
|
|
|a mkri
|
| 951 |
|
|
|a AR
|
| ELC |
|
|
|b 1
|
| LOK |
|
|
|0 000 xxxxxcx a22 zn 4500
|
| LOK |
|
|
|0 001 2899336975
|
| LOK |
|
|
|0 003 DE-627
|
| LOK |
|
|
|0 004 1525871498
|
| LOK |
|
|
|0 005 20260205094046
|
| LOK |
|
|
|0 008 160208||||||||||||||||ger|||||||
|
| LOK |
|
|
|0 040
|a DE-21-110
|c DE-627
|d DE-21-110
|
| LOK |
|
|
|0 689
|a s
|a Sozialer Umbruch
|
| LOK |
|
|
|0 689
|a s
|a Neue Bundesländer
|
| LOK |
|
|
|0 689
|a s
|a Transformationstheorie
|
| LOK |
|
|
|0 852
|a DE-21-110
|
| LOK |
|
|
|0 852 1
|m p
|9 00
|
| LOK |
|
|
|0 935
|a k110
|
| LOK |
|
|
|0 938
|k p
|
| LOK |
|
|
|0 939
|a 08-02-16
|b l01
|
| ORI |
|
|
|a SA-MARC-krimdoka001.raw
|